| 000 | 00341nam a22001457a 4500 | ||
|---|---|---|---|
| 999 |
_c8213 _d8213 |
||
| 003 | OSt | ||
| 005 | 20200903103913.0 | ||
| 008 | 200903b ||||| |||| 00| 0 eng d | ||
| 020 | _a9788194041405 | ||
| 082 |
_a720.975 _bADV |
||
| 110 | _aAdvani Rajesh | ||
| 245 | _aIndia Unbuilt Architecture | ||
| 260 |
_aNew Delhi _bArchishots |
||
| 942 | _2ddc | ||